000 00996nam a2200217 a 4500
001 000970513
003 AM-YEHGA
005 20260413104114.0
008 130624s1860 ru r 000 0 rus d
040 _aAM-YEHGA
_cAM-YEHGA
041 1 _arus
_hger
100 1 _aКольрауш, Фридрих,
_d1780-1867
245 1 0 _aИстория Германии с древнейших времен до 1851 года :
_b[Ч. 1-2] /
_cСоч. Кольрауша; Пер. с нем. Петра Бартенева.
260 _aМосква :
_bтип. Л. Степановой,
_c1860.
300 _aчасть ;
_c24 см.
504 _aБиблиогр. в начале отд. разд.
505 0 0 _gЧ. 1 (1860, 444, IV c.) :
_tС древнейших времен до Карла V ;
_gЧ. 2 (1860, 476, IV c.) :
_tНовая история
650 1 4 _aИстория
_zГермания
700 1 _aБартенев, Петр Иванович,
_d1829-1912
_eпер.
_4trl
942 _2udc
_cBK
999 _c538897
_d538897